000 01344nam a2200349 a 4500
001 ebr10511561
003 CaPaEBR
006 m u
007 cr cn|||||||||
008 111213s2008 enka sb 001 0 eng d
020 _z9781904752585
020 _z9781904752738 (e-book)
040 _aCaPaEBR
_cCaPaEBR
035 _a(OCoLC)769189769
050 1 4 _aRJ478
_b.P34 2008eb
245 0 0 _aPaediatric and adolescent gynaecology for the MRCOG and beyond
_h[electronic resource] /
_c[edited by] Anne Garden, Mary Hernon, Joanne Topping.
250 _a2nd ed.
260 _aLondon :
_bRCOG Press,
_c2008.
300 _aix, 116 p. :
_bill. (some col.).
490 1 _aMRCOG and beyond series
504 _aIncludes bibliographical references and index.
533 _aElectronic reproduction.
_bPalo Alto, Calif. :
_cebrary,
_d2013.
_nAvailable via World Wide Web.
_nAccess may be limited to ebrary affiliated libraries.
650 0 _aPediatric gynecology.
650 0 _aAdolescent gynecology.
655 7 _aElectronic books.
_2local
700 1 _aGarden, Anne.
700 1 _aHernon, Mary.
700 1 _aTopping, Joanne.
710 2 _aebrary, Inc.
830 0 _aMRCOG and beyond series.
856 4 0 _uhttp://site.ebrary.com/lib/rucke/Doc?id=10511561
_zAn electronic book accessible through the World Wide Web; click to view
999 _c222592
_d222592